NGHIÊN CỨ SỬ DỤNG PHƯƠNG PHÁP KỊCH ĐỂ PHÁT TRIỂN NĂNG LỰC GIAO TIẾP LIÊN VĂN HÓA CỦA NGƯỜI HỌC TIẾNG ANH TRONG BỘ MÔN VĂN HÓA ANH - MỸ /

Uloženo v:
Podrobná bibliografie
Hlavní autor: Hồ, Sĩ Thắng Kiệt
Médium: Kniha
Jazyk:Vietnamese
Vydáno: ĐHNN, 2015.
Témata:
Tagy: Přidat tag
Žádné tagy, Buďte první, kdo otaguje tento záznam!
Thư viện lưu trữ: Mạng thư viện Đại học Đà Nẵng
LEADER 01270nam a22003251a 4500
001 000041243
003 17543
005 20220826154444.0
008 170413s2015 vm 000 vie
041 |a vie 
082 |a 407  |b HÔ-K 
100 |a Hồ, Sĩ Thắng Kiệt 
245 0 |a NGHIÊN CỨ SỬ DỤNG PHƯƠNG PHÁP KỊCH ĐỂ PHÁT TRIỂN NĂNG LỰC GIAO TIẾP LIÊN VĂN HÓA CỦA NGƯỜI HỌC TIẾNG ANH TRONG BỘ MÔN VĂN HÓA ANH - MỸ /  |c Hồ Sĩ Thắng Kiệt. 
260 |a ĐHNN,  |c 2015. 
300 |a 66tr . : ill ; 30cm. 
650 |a SỬ DỤNG PHƯƠNG PHÁP KỊCH ĐỂ PHÁT TRIỂN NĂNG LỰC GIAO TIẾP. 
852 |c ĐTNC 
OWN |a LNN 
AVA |a UDN50  |b LNN  |c Reference Works  |d 407 HÔ-K  |e available  |t Error 5001 Not defined in file expand_doc_bib_avail.  |f 1  |g 0  |h N  |i 0  |j DT  |k 1 
999 |a From the UDN01 
AVA |a UDN50  |b LNN  |c Reference Works  |d 407 HÔ-K  |e available  |t Error 5001 Not defined in file expand_doc_bib_avail.  |f 1  |g 0  |h N  |i 0  |j DT  |k 1 
TYP |a Monograph 
TYP |a Printed language 
980 |a Mạng thư viện Đại học Đà Nẵng